| LEADER 00000nam 2200000uu 4500 |
| 001 39266 |
| 003 ULIBM |
| 008 020711s2568 th a 000 0 tha d |
| 060 วจ.WM 171 ว634ผ |
| 100 วิภาดา พุ่มโพธิ์ |
| 245 ผลการบำบัดด้วยการแก้ไขปัญหาร่วมกับการจัดการอารมณ์เพื่อลดความเสี่ยงจากการฆ่าตัวตายในวัยรุ่นซึมเศร้า=The Effects of Problem-Solving Therapy combined with Emotion management to Reduce the risk of Suicide in Depression Adolescents/วิภาดา พุ่มโพธิ์ |
| 250 พิมพ์ครั้งที่ 1 |
| 260 อุบลราชธานี :^bโรงพยาบาลพระศรีมหาโพธิ์,^c2568 |
| 300 140 หน้า ;^c30 ซม. |
| 650 วัยรุ่น--ภาวะซึมเศร้า--ความเสี่ยงการฆ่าตัวตาย |
| 650 วัยรุ่น--การฆ่าตัวตาย—การป้องกันและควบคุม |
| 650 วัยรุ่น--การแก้ปัญหา (จิตบำบัด) |
| 650 วัยรุ่น--การบำบัดแบบแก้ไขปัญหา |
| 650 วัยรุ่น--การจัดการอารมณ์ |
| 650 จิตบำบัดในวัยรุ่น |
| 650 Adolescents |
| 650 Depression |
| 650 Suicide, Attempted--prevention & contro |
| 650 Problem-Solving Therapy |
| 650 Psychotherapy |
| 700 หทัยรัตน์ ดิษฐอั๊ง |
| 700 อมราภรณ์ ฝางแก้ว |
| 700 มนัสชนก สุนาวงศ์ |